[Event "III Memorial Oliver Gonzalez (Torneo A)"]
[Site "Polideportivo Daoiz y Velarde,"]
[Date "2012.09.06"]
[Round "6"]
[White "Komljenovic, Davorin"]
[Black "Elissalt Cardenas, Hector"]
[Result "1-0"]
[WhiteElo "2446"]
[BlackElo "2353"]
[PlyCount "39"]
[EventDate "2012.09.01"]
[EventRounds "9"]
[EventCountry "ESP"]

1. d4 e6 2. g3 c5 3. Nf3 cxd4 4. Nxd4 d5 5. Bg2 Nc6 6. O-O Bc5 7. Nb3 Bb6 8. c4
dxc4 9. Qxd8+ Bxd8 10. N3d2 Na5 11. Na3 c3 12. bxc3 Nf6 13. Nac4 Nd5 14. Nd6+
Kf8 15. c4 Nb6 16. c5 Na4 17. Ba3 Be7 18. Rfc1 Rb8 19. Nb3 Nc6 20. Rc4 1-0

[Event "III Memorial Oliver Gonzalez (Torneo A)"]
[Site "Polideportivo Daoiz y Velarde,"]
[Date "2012.09.06"]
[Round "6"]
[White "Rubio Mejia, Luis Ignacio"]
[Black "Perez Gonzalez, Jose Manuel"]
[Result "1-0"]
[WhiteElo "2430"]
[BlackElo "2333"]
[PlyCount "109"]
[EventDate "2012.09.01"]
[EventRounds "9"]
[EventCountry "ESP"]

1. Nf3 Nf6 2. c4 c5 3. Nc3 g6 4. d4 cxd4 5. Nxd4 Nc6 6. e4 d6 7. Nc2 Bg7 8. Be2
O-O 9. O-O Nd7 10. Bd2 a5 11. Kh1 Nc5 12. f3 f5 13. exf5 Bxf5 14. Ne3 Nd4 15.
Nxf5 Rxf5 16. Be3 Nxe2 17. Nxe2 Bxb2 18. Rb1 Bg7 19. Ng3 Rf8 20. Bxc5 dxc5 21.
Qe2 Qc7 22. Qe6+ Kh8 23. Ne4 Rac8 24. Rb6 Qe5 25. Qxe5 Bxe5 26. Rxb7 Bf6 27. h3
Rfd8 28. Rc1 Kg7 29. Ra7 Rd3 30. Rxa5 Bd4 31. Ra7 Rb8 32. Rxe7+ Kf8 33. Rc7 Be5
34. Rxc5 Bf4 35. Re1 Re3 36. Rd1 Rb2 37. Rb5 Rxa2 38. Rb7 Rd3 39. Re1 Re3 40.
Rf1 Rc2 41. Ra1 Ra3 42. Rd1 Rd3 43. Rdb1 Ra3 44. Rd1 Rd3 45. Rf1 Ra3 46. Nc5
Bg3 47. Ne6+ Ke8 48. f4 Raa2 49. Rd1 Rd2 50. Rg1 Bf2 51. Rgb1 Ba7 52. Nc7+ Kd8
53. Ne6+ Ke8 54. Re1 Rxg2 55. Ng7+ 1-0

[Event "III Memorial Oliver Gonzalez (Torneo A)"]
[Site "Polideportivo Daoiz y Velarde,"]
[Date "2012.09.06"]
[Round "6"]
[White "Rodriguez Melendez, Juan Humbe"]
[Black "Ruiz Sanchez, Orlen"]
[Result "0-1"]
[WhiteElo "2080"]
[BlackElo "2422"]
[PlyCount "174"]
[EventDate "2012.09.01"]
[EventRounds "9"]
[EventCountry "ESP"]

1. e4 c5 2. Nf3 d6 3. d4 cxd4 4. Nxd4 Nf6 5. Nc3 a6 6. Be3 e5 7. Nf3 Be6 8. Ng5
Nc6 9. Nxe6 fxe6 10. Bc4 Qd7 11. Qd2 b5 12. Bb3 Be7 13. O-O O-O 14. Rad1 Rad8
15. f3 Kh8 16. Qe1 Rb8 17. Ne2 Bd8 18. Qd2 Bc7 19. Kh1 Na5 20. Qd3 Rbe8 21. c4
Qc6 22. Rc1 b4 23. Qd1 Nxb3 24. Qxb3 a5 25. Rfd1 Nd7 26. Qd3 Rd8 27. Qd2 Nc5
28. Qe1 Bb6 29. Bg5 Rd7 30. b3 h6 31. Bh4 Rb8 32. Rc2 a4 33. Nc1 axb3 34. axb3
Ra7 35. Qxb4 Bc7 36. Qd2 Nxb3 37. Nxb3 Rxb3 38. h3 Bb6 39. Bf2 Bxf2 40. Qxf2
Rd7 41. Qh4 Rb8 42. Qg3 Kh7 43. h4 Rf8 44. h5 Rf6 45. Kh2 g6 46. c5 gxh5 47.
Qh4 Rg6 48. Qxh5 Rc7 49. Rdd2 Rg5 50. Qh3 d5 51. Qh4 d4 52. Qh3 Qe8 53. Kg1
Rcg7 54. g4 Rc7 55. Kf2 Qe7 56. c6 Qd6 57. Qf1 Rxc6 58. Qb5 Rxc2 59. Rxc2 Rg7
60. Rc6 Qa3 61. Qxe5 Qe3+ 62. Kg3 Rf7 63. Rc7 Qxf3+ 64. Kh4 d3 65. Rxf7+ Qxf7
66. Qd6 Qf2+ 67. Kh5 Qf7+ 68. Kh4 Qf3 69. Qd7+ Kg6 70. Qe8+ Qf7 71. Qb5 Qf2+
72. Kh3 d2 73. Qd3 Kf6 74. Qd8+ Ke5 75. Qh8+ Kf4 76. Qf8+ Ke3 77. Qc5+ Ke2 78.
Qc4+ Ke1 79. Qc3 e5 80. g5 Qf1+ 81. Kg3 Qf4+ 82. Kh3 hxg5 83. Qb4 Qf3+ 84. Kh2
g4 85. Kg1 Ke2 86. Qb2 Qf1+ 87. Kh2 Qf3 {(...)} 0-1

[Event "III Memorial Oliver Gonzalez (Torneo A)"]
[Site "Polideportivo Daoiz y Velarde,"]
[Date "2012.09.06"]
[Round "6"]
[White "Pogorelov, Ruslan"]
[Black "Ballesteros Gonzalez, David"]
[Result "1-0"]
[WhiteElo "2422"]
[BlackElo "2227"]
[PlyCount "117"]
[EventDate "2012.09.01"]
[EventRounds "9"]
[EventCountry "ESP"]

1. Nf3 Nf6 2. c4 g6 3. Nc3 Bg7 4. e4 d6 5. d4 O-O 6. Be2 Na6 7. O-O e5 8. Be3
Ng4 9. Bg5 f6 10. Bc1 f5 11. exf5 gxf5 12. h3 exd4 13. Bg5 Bf6 14. Bxf6 Nxf6
15. Nxd4 Nc5 16. Qc2 Nfe4 17. Bf3 Nxc3 18. Qxc3 Qf6 19. Nb5 c6 20. Qxf6 Rxf6
21. Nc3 Nd3 22. Be2 Nf4 23. Rfe1 Be6 24. Bf1 Rd8 25. g3 Ng6 26. f4 Ne7 27. Rad1
Kf7 28. b4 Rg6 29. Kf2 Nc8 30. a4 Rgg8 31. a5 Rge8 32. b5 Ne7 33. Rd2 c5 34.
Red1 Nc8 35. Bg2 Re7 36. Nd5 Red7 37. Bf3 Ne7 38. Nxe7 Kxe7 39. Bd5 Bxd5 40.
Rxd5 Rf8 41. Re1+ Kd8 42. Re6 Kc7 43. Rh6 Re8 44. Rxf5 Re4 45. Rfh5 Rxc4 46.
Rxh7 Rc2+ 47. Kf3 Rc3+ 48. Kg4 c4 49. Rxd7+ Kxd7 50. Rh7+ Ke6 51. Rxb7 Rb3 52.
Rc7 Rxb5 53. Rxc4 Rxa5 54. h4 d5 55. Rc6+ Kd7 56. Rc1 Ke7 57. h5 Ra2 58. h6 Kf7
59. Kg5 1-0

[Event "III Memorial Oliver Gonzalez (Torneo A)"]
[Site "Polideportivo Daoiz y Velarde,"]
[Date "2012.09.06"]
[Round "6"]
[White "Montañes Arribas, Adrian"]
[Black "Valles Moreno, Ivan"]
[Result "1/2-1/2"]
[WhiteElo "2200"]
[BlackElo "2385"]
[PlyCount "130"]
[EventDate "2012.09.01"]
[EventRounds "9"]
[EventCountry "ESP"]

1. e4 c5 2. Nf3 d6 3. d4 cxd4 4. Nxd4 Nf6 5. Nc3 Nc6 6. Bg5 e6 7. Qd2 a6 8.
O-O-O Bd7 9. f3 h6 10. Be3 Qc7 11. Kb1 Na5 12. g4 b5 13. Bd3 Rb8 14. Qe1 g6 15.
h4 Nc4 16. Bxc4 Qxc4 17. g5 hxg5 18. hxg5 Rxh1 19. Qxh1 Nh5 20. Qg2 Rc8 21. Qd2
b4 22. Nce2 e5 23. Nb3 Be6 24. c3 a5 25. cxb4 axb4 26. Rc1 Qb5 27. Rxc8+ Bxc8
28. Nbc1 Be6 29. Nd3 d5 30. Nxe5 dxe4 31. f4 Bg7 32. Nd4 Qf1+ 33. Qc1 Qxc1+ 34.
Kxc1 Bd5 35. b3 Ng3 36. Kd2 Bf8 37. Bf2 Nh5 38. Be3 Bd6 39. Ke2 Kf8 40. Nb5 Be7
41. Nd4 Kg7 42. Kf2 Bd6 43. Nc2 f6 44. gxf6+ Kxf6 45. Ng4+ Kf7 46. Nh6+ Ke6 47.
Nd4+ Kd7 48. f5 Bg3+ 49. Ke2 gxf5 50. Nhxf5 Be5 51. Nc2 Bc3 52. Bd2 Ke6 53.
Bxc3 bxc3 54. Nfd4+ Ke5 55. Nb5 Kf4 56. Nxc3 Bb7 57. Ne3 Ng3+ 58. Kd2 Kf3 59.
b4 Nh5 60. a4 Nf4 61. b5 Nd3 62. Ncd1 Nc5 63. a5 Nb3+ 64. Kc3 Nxa5 65. Kb4 Nc6+
1/2-1/2

[Event "III Memorial Oliver Gonzalez (Torneo A)"]
[Site "Polideportivo Daoiz y Velarde,"]
[Date "2012.09.06"]
[Round "6"]
[White "Renteria, Jorge"]
[Black "Collado Barbas, Laura"]
[Result "1-0"]
[WhiteElo "2310"]
[BlackElo "2149"]
[PlyCount "63"]
[EventDate "2012.09.01"]
[EventRounds "9"]
[EventCountry "ESP"]

1. e4 e6 2. d4 d5 3. Nc3 Nc6 4. Nf3 Nf6 5. Bd3 Nb4 6. Bb5+ c6 7. e5 cxb5 8.
exf6 gxf6 9. Nxb5 Qb6 10. Nc3 Bg7 11. O-O O-O 12. Ne2 Qd6 13. b3 Nc6 14. a4 Rd8
15. Ba3 Qc7 16. Ng3 e5 17. h3 e4 18. Nh4 Kh8 19. Nhf5 Bxf5 20. Nxf5 Qf4 21. Qg4
Qg5 22. Bc1 Qg6 23. Qf4 Bf8 24. c3 Na5 25. Rb1 b6 26. f3 exf3 27. Rxf3 Re8 28.
Rg3 Qh5 29. Be3 Rac8 30. Nd6 Bg7 31. Nxc8 Rxc8 32. Rf1 1-0

[Event "III Memorial Oliver Gonzalez (Torneo A)"]
[Site "Polideportivo Daoiz y Velarde,"]
[Date "2012.09.06"]
[Round "6"]
[White "Gomez Gonzalez, Javier"]
[Black "Ortega Ruiz, Jose M"]
[Result "0-1"]
[WhiteElo "2137"]
[BlackElo "2300"]
[PlyCount "88"]
[EventDate "2012.09.01"]
[EventRounds "9"]
[EventCountry "ESP"]

1. e4 e5 2. Nf3 Nc6 3. Bb5 a6 4. Ba4 Nf6 5. O-O Be7 6. Re1 b5 7. Bb3 d6 8. c3
O-O 9. h3 Na5 10. Bc2 c5 11. d4 Qc7 12. d5 Ne8 13. Nbd2 g6 14. Nf1 Ng7 15. N3h2
f5 16. exf5 gxf5 17. Bh6 Bf6 18. Ng3 Qf7 19. b3 Qg6 20. Qd2 e4 21. Rac1 Nb7 22.
Bf4 a5 23. a3 Bd7 24. Re3 h5 25. Bd1 h4 26. Ngf1 Nh5 27. Bxh5 Qxh5 28. f3 b4
29. fxe4 bxc3 30. Rcxc3 Bxc3 31. Qxc3 fxe4 32. Rxe4 Rae8 33. Rxe8 Bxe8 34. Qd2
Bb5 35. Nf3 Bxf1 36. Kxf1 Rf5 37. Bg5 a4 38. bxa4 c4 39. a5 Nc5 40. a6 Nxa6 41.
Qa5 Qxg5 42. Qxa6 Qc1+ 43. Ke2 Qc2+ 44. Ke1 Qe4+ 0-1

[Event "III Memorial Oliver Gonzalez (Torneo A)"]
[Site "Polideportivo Daoiz y Velarde,"]
[Date "2012.09.06"]
[Round "6"]
[White "Anton Veiga, Juan Carlos"]
[Black "Solaesa Navalpotro, Luis Julio"]
[Result "0-1"]
[WhiteElo "2126"]
[BlackElo "2235"]
[PlyCount "120"]
[EventDate "2012.09.01"]
[EventRounds "9"]
[EventCountry "ESP"]

1. e4 c6 2. Nf3 d5 3. Nc3 Bg4 4. h3 Bxf3 5. Qxf3 e6 6. d4 dxe4 7. Nxe4 Qxd4 8.
Be3 Qd8 9. Rd1 Nd7 10. Bc4 Ngf6 11. O-O Be7 12. Nxf6+ Bxf6 13. Bd4 Qc7 14. Qa3
Bxd4 15. Rxd4 Nf6 16. Rfd1 Qe7 17. Qe3 O-O 18. Bd3 c5 19. Rh4 Rad8 20. Re1 g6
21. Qh6 Rd4 22. Rxd4 cxd4 23. a3 Rd8 24. Qf4 Kg7 25. g4 Qd6 26. Qg5 Rc8 27. Qe5
Qxe5 28. Rxe5 h6 29. f4 Rd8 30. Kf2 Nd7 31. Rb5 b6 32. Rb4 Nc5 33. Rc4 g5 34.
fxg5 hxg5 35. b4 Nxd3+ 36. cxd3 Rd7 37. Rc6 Kf6 38. Kf3 Ke5 39. Rc8 f6 40. Rc6
Rh7 41. Kg3 f5 42. gxf5 exf5 43. Rg6 Rc7 44. Rxg5 Rc3 45. h4 Rxd3+ 46. Kg2 Kf4
47. Rg7 Rxa3 48. h5 d3 49. h6 d2 50. Rd7 Rg3+ 51. Kh2 Rg6 52. Rxd2 Rxh6+ 53.
Kg2 b5 54. Rd7 a6 55. Re7 Rc6 56. Ra7 Ke3 57. Re7+ Kd3 58. Rf7 Kc3 59. Rxf5
Kxb4 60. Kf2 Re6 0-1

[Event "III Memorial Oliver Gonzalez (Torneo A)"]
[Site "Polideportivo Daoiz y Velarde,"]
[Date "2012.09.06"]
[Round "6"]
[White "Silva Rodriguez, Julio"]
[Black "Cruz Alvarez De Ron, Dan"]
[Result "1-0"]
[WhiteElo "2102"]
[BlackElo "2233"]
[PlyCount "69"]
[EventDate "2012.09.01"]
[EventRounds "9"]
[EventCountry "ESP"]

1. e4 g6 2. d4 Bg7 3. Nf3 d6 4. Be2 Nd7 5. O-O e6 6. c4 Ne7 7. Nc3 O-O 8. Be3
e5 9. d5 f5 10. Ng5 Nf6 11. f3 Bh6 12. h4 Nh5 13. Qe1 c5 14. dxc6 Nxc6 15. c5
f4 16. Bf2 Nd4 17. Bc4+ Kg7 18. cxd6 Qxd6 19. Rd1 Qc5 20. b3 Bxg5 21. hxg5 Ng3
22. Nb5 Rd8 23. Nxd4 Rxd4 24. Rxd4 exd4 25. Qd2 Qxg5 26. Bxg3 Qxg3 27. Qxd4+
Kh6 28. Rf2 Qh4 29. Qd6 Bh3 30. Rd2 Re8 31. gxh3 Qg3+ 32. Rg2 Qxf3 33. Bf7 Qxe4
34. Bxe8 f3 35. Qf8+ 1-0

[Event "III Memorial Oliver Gonzalez (Torneo A)"]
[Site "Polideportivo Daoiz y Velarde,"]
[Date "2012.09.06"]
[Round "6"]
[White "Alvarez Abejon, Amilcar"]
[Black "Martin Rueda, Daniel"]
[Result "0-1"]
[WhiteElo "2105"]
[BlackElo "2297"]
[PlyCount "68"]
[EventDate "2012.09.01"]
[EventRounds "9"]
[EventCountry "ESP"]

1. e4 c5 2. Nf3 d6 3. d4 cxd4 4. Nxd4 Nf6 5. Nc3 a6 6. Be2 e6 7. O-O Nbd7 8.
Be3 b5 9. a3 Bb7 10. f4 Nxe4 11. Nxe4 Bxe4 12. f5 e5 13. Ne6 fxe6 14. Bh5+ Ke7
15. fxe6 Nf6 16. Bg5 d5 17. Bf7 Kd6 18. Qe1 Be7 19. a4 Qc7 20. Ra3 b4 21. Rg3
a5 22. c3 b3 23. c4 Qc5+ 24. Kh1 Qxc4 25. Rc3 Qxa4 26. Qc1 Bc2 27. Rf4 d4 28.
Qe1 Nd5 29. Bxe7+ Nxe7 30. Rg4 Rac8 31. Rxc8 Rxc8 32. Rg5 Bf5 33. g4 Qc6+ 34.
Kg1 Qc1 0-1

[Event "III Memorial Oliver Gonzalez (Torneo A)"]
[Site "Polideportivo Daoiz y Velarde,"]
[Date "2012.09.06"]
[Round "6"]
[White "Jimenez Martinez, Jose Vicente"]
[Black "Barez Menendez, Hector"]
[Result "1-0"]
[WhiteElo "2277"]
[BlackElo "2167"]
[PlyCount "159"]
[EventDate "2012.09.01"]
[EventRounds "9"]
[EventCountry "ESP"]

1. d4 d5 2. c4 e6 3. Nf3 Nf6 4. Nc3 Nbd7 5. Bg5 Be7 6. e3 O-O 7. cxd5 exd5 8.
Bd3 c6 9. O-O Re8 10. Qc2 Nf8 11. Ne5 Ng4 12. Bxe7 Qxe7 13. Nxg4 Bxg4 14. Rae1
Bh5 15. f4 f6 16. h3 Bg6 17. f5 Bf7 18. Rf3 c5 19. dxc5 Qxc5 20. Nb5 Qb4 21.
Qf2 Nd7 22. Rf4 Qe7 23. Bb1 Ne5 24. b3 a6 25. Nd4 Rac8 26. Qg3 Rc7 27. Rf2 Rec8
28. Rc2 Rxc2 29. Bxc2 Nc6 30. Ne2 Qe5 31. Qf2 Nb4 32. Bb1 Qb2 33. Nd4 Qxf2+ 34.
Kxf2 Kf8 35. Rd1 Ke7 36. Ne2 Kd6 37. g4 a5 38. Nd4 Ke5 39. Nf3+ Kd6 40. e4 Ke7
41. a3 Na6 42. exd5 Rd8 43. Bd3 Nc7 44. Re1+ Kf8 45. Be4 Nb5 46. a4 Nc3 47. Nd4
Nxe4+ 48. Rxe4 Bxd5 49. Ne6+ Bxe6 50. Rxe6 Rd7 {(=)} 51. Rb6 Ke7 52. Rb5 Kd6
53. Rxa5 b6 54. Rb5 Kc6 55. Rb4 Rd3 56. Kg2 Rc3 57. h4 Kc5 58. Rb5+ Kc6 59. Rb4
Rc2+ 60. Kf3 Rc3+ 61. Kf4 Kc5 62. Rb5+ Kc6 63. g5 Rc1 64. Rb4 Rf1+ 65. Kg4 Rg1+
66. Kh5 fxg5 67. hxg5 Rh1+ 68. Kg4 Rg1+ 69. Kf4 Rf1+ 70. Ke5 Re1+ 71. Re4 Rg1
72. Rc4+ Kd7 73. Rh4 Rxg5 74. Rxh7 Ke7 75. Rh8 g6 76. Rh7+ Kf8 77. Rb7 Rxf5+
78. Ke6 b5 79. a5 b4 80. a6 1-0

[Event "III Memorial Oliver Gonzalez (Torneo A)"]
[Site "Polideportivo Daoiz y Velarde,"]
[Date "2012.09.06"]
[Round "6"]
[White "Lorite Cruz, Francisco"]
[Black "Santos, Jose Alves"]
[Result "0-1"]
[WhiteElo "2039"]
[BlackElo "2265"]
[PlyCount "64"]
[EventDate "2012.09.01"]
[EventRounds "9"]
[EventCountry "ESP"]

1. e4 c6 2. d4 d5 3. e5 Bf5 4. Nf3 e6 5. Be2 c5 6. O-O Ne7 7. Be3 Nec6 8. Nc3
cxd4 9. Nxd4 Nxd4 10. Bxd4 Nc6 11. Bb5 a6 12. Ba4 b5 13. Bb3 Qc7 14. Re1 Nxd4
15. Qxd4 Bc5 16. Qd2 O-O 17. a4 b4 18. Na2 Rab8 19. Nc1 f6 20. Nd3 Bxd3 21.
cxd3 fxe5 22. Rf1 Bd4 23. Rac1 Qb6 24. Bd1 Rf6 25. Bf3 Rbf8 26. Qe2 Qd6 27. b3
Rh6 28. h3 Rhf6 29. Kh1 Ba7 30. Qc2 e4 31. Qc7 Qxc7 32. Rxc7 Bb8 0-1

[Event "III Memorial Oliver Gonzalez (Torneo A)"]
[Site "Polideportivo Daoiz y Velarde,"]
[Date "2012.09.06"]
[Round "6"]
[White "Martin Duque, Jesus"]
[Black "Remolar Gallen, Jose"]
[Result "1/2-1/2"]
[WhiteElo "2261"]
[BlackElo "2137"]
[PlyCount "75"]
[EventDate "2012.09.01"]
[EventRounds "9"]
[EventCountry "ESP"]

1. e4 c5 2. Nf3 Nc6 3. d4 cxd4 4. Nxd4 g6 5. c4 Nf6 6. Nc3 Nxd4 7. Qxd4 d6 8.
Bg5 Bg7 9. Be2 O-O 10. Qd2 Qa5 11. O-O Re8 12. f3 Be6 13. Rac1 Nd7 14. b3 Nc5
15. Rfd1 f6 16. Be3 Rec8 17. Nd5 Qxd2 18. Rxd2 Kf7 19. b4 Nd7 20. Rdc2 b6 21.
a4 a5 22. Nxb6 Nxb6 23. Bxb6 axb4 24. a5 f5 25. Rb1 Bc3 26. exf5 gxf5 27. Rxc3
bxc3 28. c5 Rxc5 29. Bxc5 dxc5 30. a6 Bc8 31. Ra1 c2 32. Bd3 Bxa6 33. Bxc2 e6
34. Ra5 c4 35. g4 Bb7 36. Rxa8 Bxa8 37. gxf5 Bxf3 38. Kf2 1/2-1/2

[Event "III Memorial Oliver Gonzalez (Torneo A)"]
[Site "Polideportivo Daoiz y Velarde,"]
[Date "2012.09.06"]
[Round "6"]
[White "Vega Gomez, Francisco Borja"]
[Black "Corisco Beltran, Rafael"]
[Result "1-0"]
[WhiteElo "2220"]
[BlackElo "1979"]
[PlyCount "49"]
[EventDate "2012.09.01"]
[EventRounds "9"]
[EventCountry "ESP"]

1. Nf3 Nf6 2. g3 g6 3. Bg2 Bg7 4. O-O O-O 5. d4 d5 6. Nbd2 c5 7. dxc5 Na6 8.
Nb3 Ne4 9. Ng5 Bf5 10. Nxe4 dxe4 11. Qxd8 Rfxd8 12. c3 Rd5 13. g4 Bxg4 14. Bxe4
Rad8 15. Bxd5 Rxd5 16. f3 Bh3 17. e4 Rd3 18. Re1 Rxf3 19. Be3 e5 20. Rad1 Kf8
21. Rd8+ Ke7 22. Rg8 h5 23. Rxg7 Kf8 24. Bh6 Nc7 25. Rxg6+ 1-0

[Event "III Memorial Oliver Gonzalez (Torneo A)"]
[Site "Polideportivo Daoiz y Velarde,"]
[Date "2012.09.06"]
[Round "6"]
[White "Santos Ruiz, Miguel"]
[Black "Fernandez Blazquez, Diego"]
[Result "1/2-1/2"]
[WhiteElo "2050"]
[BlackElo "2215"]
[PlyCount "85"]
[EventDate "2012.09.01"]
[EventRounds "9"]
[EventCountry "ESP"]

1. e4 c5 2. Nf3 e6 3. g3 Nc6 4. Bg2 Nf6 5. d3 d5 6. Qe2 Be7 7. O-O b6 8. e5 Nd7
9. c4 dxc4 10. dxc4 Qc7 11. Nc3 a6 12. Bf4 Bb7 13. a3 h6 14. g4 g5 15. Bg3 h5
16. h3 hxg4 17. hxg4 O-O-O 18. Ne4 Nf8 19. Nd6+ Rxd6 20. exd6 Bxd6 21. b4 Bxg3
22. fxg3 Qxg3 23. Qf2 Qxg4 24. b5 axb5 25. cxb5 Nd4 26. Nxd4 Bxg2 27. Qxg2
Qxd4+ 28. Qf2 Qg4+ 29. Qg2 Qd4+ 30. Qf2 Qxf2+ 31. Rxf2 f5 32. a4 Rh7 33. a5
bxa5 34. Rxa5 Rb7 35. Rc2 Nd7 36. Ra6 Rxb5 37. Rc6+ Kb7 38. Rxe6 Rb1+ 39. Kg2
Rd1 40. Re7 Kc6 41. Rg7 g4 42. Rf7 Rd5 43. Rf2 1/2-1/2

[Event "III Memorial Oliver Gonzalez (Torneo A)"]
[Site "Polideportivo Daoiz y Velarde,"]
[Date "2012.09.06"]
[Round "6"]
[White "Pastor Alonso De Prado, Albert"]
[Black "Montoya Pecurul, Marc"]
[Result "0-1"]
[WhiteElo "2172"]
[BlackElo "1925"]
[PlyCount "68"]
[EventDate "2012.09.01"]
[EventRounds "9"]
[EventCountry "ESP"]

1. e4 c5 2. Nf3 d6 3. c3 Nf6 4. h3 g6 5. Bd3 Bg7 6. O-O O-O 7. Re1 Nc6 8. Bf1
a6 9. d4 cxd4 10. cxd4 Nd7 11. Nc3 e5 12. d5 Nd4 13. a4 Nxf3+ 14. Qxf3 f5 15.
Qd1 Nf6 16. Qb3 f4 17. a5 Kh8 18. Bd2 g5 19. Na4 g4 20. Nb6 Rb8 21. Rac1 gxh3
22. gxh3 Qe8 23. Nxc8 Qg6+ 24. Bg2 Rbxc8 25. Rxc8 Rxc8 26. Kh2 Rg8 27. Qf3 h5
28. Rc1 Nh7 29. Qe2 Bh6 30. Bf3 Nf6 31. Bb4 Bf8 32. Qe1 Qg5 33. Bh1 f3 34. Qe3
Ng4+ 0-1

[Event "III Memorial Oliver Gonzalez (Torneo A)"]
[Site "Polideportivo Daoiz y Velarde,"]
[Date "2012.09.06"]
[Round "6"]
[White "Vazquez Quiroga, Manuel"]
[Black "Lopez Ziegler, Carlos"]
[Result "1-0"]
[WhiteElo "2163"]
[BlackElo "1918"]
[PlyCount "91"]
[EventDate "2012.09.01"]
[EventRounds "9"]
[EventCountry "ESP"]

1. f4 Nf6 2. Nf3 c5 3. c3 d6 4. d3 Nc6 5. e4 Qc7 6. Be3 c4 7. Nbd2 cxd3 8. Bxd3
Ng4 9. Bg1 g6 10. h3 Nf6 11. Qe2 Nh5 12. Bh2 e5 13. f5 Bh6 14. Bc4 O-O 15. fxg6
hxg6 16. O-O-O a6 17. Kb1 Nd8 18. Bb3 b5 19. Qf2 Qe7 20. Nf1 Be6 21. Ne3 Bxb3
22. axb3 Qa7 23. Bg1 Bxe3 24. Qxe3 Qxe3 25. Bxe3 Ng3 26. Rhe1 Nb7 27. Bb6 Rac8
28. Bf2 Nh5 29. g4 Nf4 30. h4 Kg7 31. b4 Rc6 32. Rh1 Rh8 33. Bg3 Ne6 34. g5 Rc4
35. Rhe1 Kf8 36. Nd2 Rc6 37. Nf1 Ke7 38. Ne3 Nc7 39. Rf1 a5 40. bxa5 Nxa5 41.
Rf6 Nc4 42. Nxc4 bxc4 43. Bxe5 Rxh4 44. Bxd6+ Ke8 45. Bg3 Rxf6 46. gxf6 1-0

[Event "III Memorial Oliver Gonzalez (Torneo A)"]
[Site "Polideportivo Daoiz y Velarde,"]
[Date "2012.09.06"]
[Round "6"]
[White "Gonzalez Mateos, Rafael"]
[Black "Largo Barbero, Benito"]
[Result "1-0"]
[WhiteElo "2161"]
[BlackElo "1885"]
[PlyCount "67"]
[EventDate "2012.09.01"]
[EventRounds "9"]
[EventCountry "ESP"]

1. d4 d6 2. c3 Nd7 3. e4 e5 4. f4 Ngf6 5. Bd3 c6 6. Nf3 Qc7 7. O-O h6 8. fxe5
dxe5 9. Kh1 Bd6 10. Nbd2 exd4 11. cxd4 Bf4 12. e5 Nd5 13. Ne4 O-O 14. Nh4 Bxc1
15. Qxc1 N7b6 16. Nd6 Be6 17. Qe1 g6 18. Qg3 Ne7 19. Bxg6 fxg6 20. Nxg6 Nxg6
21. Qxg6+ Qg7 22. Qxe6+ Kh7 23. Nf5 Qg6 24. Qxg6+ Kxg6 25. Nd6 Nd5 26. a3 Ne3
27. Rxf8 Rxf8 28. Nxb7 Nc2 29. Rd1 Nxd4 30. h3 Rf4 31. g3 Re4 32. Nd6 Rxe5 33.
Rxd4 c5 34. Rd2 1-0

[Event "III Memorial Oliver Gonzalez (Torneo A)"]
[Site "Polideportivo Daoiz y Velarde,"]
[Date "2012.09.06"]
[Round "6"]
[White "Lopez Mulet, Inigo"]
[Black "Cardenas Serrano, Sergio"]
[Result "1-0"]
[WhiteElo "2019"]
[BlackElo "2123"]
[PlyCount "90"]
[EventDate "2012.09.01"]
[EventRounds "9"]
[EventCountry "ESP"]

1. d4 Nf6 2. c4 g6 3. f3 Bg7 4. e4 d6 5. Nc3 c6 6. Be3 a6 7. c5 b5 8. cxb6 Qxb6
9. Qd2 Nbd7 10. Bc4 Rb8 11. O-O-O Qb4 12. Bb3 Nb6 13. Qc2 Be6 14. Bxe6 fxe6 15.
a3 Qa5 16. Qb3 Kf7 17. Bd2 Nbd7 18. Qc2 Qb6 19. Nh3 h6 20. Be3 e5 21. Rhe1 exd4
22. Rxd4 c5 23. Rb4 Qa5 24. Qb3+ e6 25. Nf4 Rhe8 26. Rxb8 Nxb8 27. Nxe6 Rxe6
28. Qxb8 Nd7 29. Qb3 Ne5 30. Rd1 c4 31. Qb7+ Re7 32. Qd5+ Qxd5 33. Rxd5 Ke6 34.
Na4 Nd3+ 35. Kb1 Rb7 36. Bd4 Bf8 37. Ra5 Be7 38. Rxa6 Kd7 39. Nb6+ Ke6 40. Nxc4
Rc7 41. b3 h5 42. e5 Rd7 43. exd6 Bxd6 44. Nxd6 Rxd6 45. Rxd6+ Kxd6 1-0

[Event "III Memorial Oliver Gonzalez (Torneo A)"]
[Site "Polideportivo Daoiz y Velarde,"]
[Date "2012.09.06"]
[Round "6"]
[White "Pascual Palomo, Lucia"]
[Black "Perez Cameselle, Francisco"]
[Result "1-0"]
[WhiteElo "2120"]
[BlackElo "1836"]
[PlyCount "39"]
[EventDate "2012.09.01"]
[EventRounds "9"]
[EventCountry "ESP"]

1. e4 e6 2. d4 d5 3. exd5 exd5 4. Bd3 Bd6 5. Nc3 Ne7 6. Nge2 Nbc6 7. Bf4 Bxf4
8. Nxf4 Nxd4 9. Bxh7 Rxh7 10. Qxd4 c6 11. O-O-O Bf5 12. Rde1 Kf8 13. f3 b6 14.
Qe5 Qd7 15. g4 Bg6 16. h4 Rh8 17. h5 Bh7 18. h6 Rg8 19. hxg7+ Rxg7 20. Nh5 1-0

[Event "III Memorial Oliver Gonzalez (Torneo A)"]
[Site "Polideportivo Daoiz y Velarde,"]
[Date "2012.09.06"]
[Round "6"]
[White "De La Orden Alcocer, Alejandro"]
[Black "Moreno Ibañez, Miguel"]
[Result "0-1"]
[WhiteElo "1857"]
[BlackElo "2093"]
[PlyCount "104"]
[EventDate "2012.09.01"]
[EventRounds "9"]
[EventCountry "ESP"]

1. Nf3 g6 2. g3 Bg7 3. Bg2 e5 4. d3 d6 5. c4 f5 6. Nc3 Nf6 7. Bd2 O-O 8. Qc1
Re8 9. Bg5 c6 10. h4 Qb6 11. Bxf6 Bxf6 12. h5 Qc7 13. hxg6 hxg6 14. Qh6 Qg7 15.
Qxg7+ Kxg7 16. O-O-O Be6 17. Nd2 Na6 18. a3 Nc7 19. Rh2 Rh8 20. Rxh8 Rxh8 21.
Rh1 Rd8 22. Kc2 d5 23. b3 e4 24. dxe4 dxe4 25. f3 e3 26. Nf1 Bd4 27. Nd1 f4 28.
gxf4 Bf5+ 29. Kc1 Re8 30. Bh3 Bxh3 31. Rxh3 Ne6 32. Rh4 Bf6 33. Rg4 Nd4 34.
Ndxe3 Nxe2+ 35. Kb1 Kf7 36. f5 g5 37. Rg2 Nd4 38. Rd2 Nxf3 39. Rd7+ Re7 40.
Rxe7+ Bxe7 41. Kb2 Nd4 42. Nd2 Bf6 43. Kb1 Be5 44. Ng4 Bf4 45. Ne4 Nxb3 46. Kb2
Nd4 47. f6 Ne6 48. c5 Kg6 49. Kb3 Kf5 50. Ngf2 g4 51. Nd6+ Bxd6 52. cxd6 g3 0-1

[Event "III Memorial Oliver Gonzalez (Torneo A)"]
[Site "Polideportivo Daoiz y Velarde,"]
[Date "2012.09.06"]
[Round "6"]
[White "Lopez Moll, Jose Manuel"]
[Black "Garcia Salamero, Gabriel"]
[Result "0-1"]
[WhiteElo "1991"]
[BlackElo "2239"]
[PlyCount "66"]
[EventDate "2012.09.01"]
[EventRounds "9"]
[EventCountry "ESP"]

1. e4 c5 2. Nf3 e6 3. d4 cxd4 4. Nxd4 a6 5. Bd3 Qc7 6. Qe2 Bd6 7. h3 Ne7 8. Nc3
Nbc6 9. Be3 O-O 10. O-O Ng6 11. Qd2 Nxd4 12. Bxd4 b5 13. a3 Bb7 14. Ne2 f5 15.
exf5 Qc6 16. f3 exf5 17. Qg5 Rae8 18. Rae1 Qd5 19. Bc3 Be7 20. Qh5 Bd8 21. Bb4
d6 22. Bd2 Re5 23. Kh1 f4 24. Qg4 Rg5 25. Qd7 Ne5 26. Nxf4 Nxd7 27. Nxd5 Rxd5
28. Bb4 Nc5 29. Bxc5 Rxc5 30. Re6 d5 31. Rfe1 Bf6 32. Rb6 Rc7 33. b4 Bb2 0-1